| 000 | 00485nam a22001697a 4500 | ||
|---|---|---|---|
| 005 | 20240718123338.0 | ||
| 008 | 240718b |||||||| |||| 00| 0 eng d | ||
| 020 | _a9788131732663 | ||
| 082 |
_a621.382 _bSEN-O |
||
| 100 | _aSenior, John M. | ||
| 245 |
_aOptical Fiber Communications: _b Principles and Practice / _cJohn M.Senior |
||
| 260 |
_aindia: _bPearson; _c2010. |
||
| 300 |
_axiv, 1076 p. : _bill; _c24 cm. |
||
| 500 | _ainclude index. | ||
| 650 | _aNetworking | ||
| 999 |
_c36139 _d36139 |
||